000 01804nam a2200385 i 4500
001 000013481
003 DO-SdBNP
005 20231003115540.0
007 ta
008 091125s2005 dr d 000 0 spa d
020 _a999343079X
040 _aDO-SdBNP
_bspa
_cBNPHU
_erda
082 4 _a330.97293
_bC744n, 2004
_222
111 2 _aConcurso Biblioteca Juan Pablo Duarte
_96999
_d(2004 :
_cSanto Domingo)
245 0 0 _aNueva literatura económica dominicana :
_bpremios del Concurso Biblioteca Juan Pablo Duarte 2004 /
_cprólogo, Clarissa de la Rocha de Torres ; cuidado de edición, Betania Corletto de Echavarría, Elvis Soto.
264 _aSanto Domingo
_bBanco Central de la República Dominicana,
_c2005.
300 _a203 páginas :
_bgráficos ;
_c23 cm.
336 _2rdacontent
_atexto
_btxt
337 _2rdamedia
_asin mediación
_bn
338 _2rdacarrier
_avolumen
_bnc
490 1 _aBanco Central de la República Dominicana
_v76
490 1 _aNueva Literatura Económica
_v8
500 _aIncluye referencias bibliográficas y notas al pie de las páginas
504 _aBibliografía : p. 181-182
590 _aInventariado, 2018/ YL
651 4 _aRepública Dominicana
_xPolítica económica
_vCongresos, conferencias, etc.
_97001
651 4 _aRepública Dominicana
_xCondiciones económicas
_vCongresos, conferencias, etc.
_97000
700 1 _aRocha Torres, Clarissa de la de,
_eprólogo
_930803
700 1 _aCorletto Echavarría, Betania de,
_ecuidado edición
_930804
700 1 _aSoto, Elvis,
_ecuidado edición
_912338
710 2 _aBanco Central de la República Dominicana.
_bDepartamento Cultural
_97006
830 0 _aBanco Central de la República Dominicana
_v76
_pNueva Literatura Económica
_n8
_930805
910 _aValidado. Control de calidad MFF
942 _2ddc
_cLBS1
999 _c13105
_d13105